header

Neuroscience researcher biographical sketches and research summaries (Record no. 151002)

MARC details
000 -LEADER
fixed length control field 01470nam a2200349 a 4500
082 04 - DEWEY DECIMAL CLASSIFICATION NUMBER
Classification number 612.8072
245 00 - TITLE STATEMENT
Title Neuroscience researcher biographical sketches and research summaries
260 ## - PUBLICATION, DISTRIBUTION, ETC. (IMPRINT)
Place of publication Hauppauge, N.Y. :
Name of publisher Nova Science Publishers, Inc.,
Year of publication 2013.
300 ## - PHYSICAL DESCRIPTION
Number of Pages xviii, [447] p.
490 1# - SERIES STATEMENT
Series statement Neuroscience research progress
505 0# - FORMATTED CONTENTS NOTE
Formatted contents note pt. 1. Research biographies -- pt. 2. Research summaries in neuroscience.
650 #0 - SUBJECT ADDED ENTRY--TOPICAL TERM
Topical Term Neurosciences
Topical Term Neuroscientists
700 1# - ADDED ENTRY--PERSONAL NAME
Personal name Chernyovskaya, Abram A.
Personal name Klossovsky, Graviil F.
856 40 - ELECTRONIC LOCATION AND ACCESS
Uniform Resource Identifier http://site.ebrary.com/lib/rucke/Doc?id=10733964

No items available.

© 2026 Rongo University
Contact us: librarian | system librarian | Rongo university